| 000 | 00359 a2200157 4500 | ||
|---|---|---|---|
| 001 | 62428 | ||
| 020 | _a9788526008823 | ||
| 040 | _cAnchieta - Pituba | ||
| 100 | _aCapaparelli, Sérgio | ||
| 240 | 1 | 0 |
_aO velho que trazia a noite _lpor |
| 245 | 1 | 0 | _aO velho que trazia a noite |
| 300 | _a28 | ||
| 362 | 0 | _a2004 | |
| 650 | 4 | _aLiteratura juvenil | |
| 942 | _cBK | ||
| 999 |
_c62428 _d62428 |
||